000 00805nam a2200253Ia 4500
003 OSt
005 20220923215718.0
006 a|||||r|||| 00| 0
007 ta
008 220922b |||||||| |||| 00| 0 hin d
024 _a181,104
037 _cTextual
040 _aARTS
_cARTS
_bhin
041 _2hin
_ahin
082 _aO152,1N293x, M9
100 _aवर्मा, प्रमोद
_9156318
245 0 _aकल और आज के बीच
246 _aKal aur āj ke bīcha
260 _aइलाहाबाद
_b परिमल प्रकाशन
_c1989
300 _a107 पृ.
_ccm.
650 _aहिन्दी साहित्य
_9156264
942 _hO152,1N293x, M9
_cTEXL
_2CC
999 _c334482
_d334482